Count us! Ethnic Activism in South-Eastern Estonia, and the Census of 2011
| Titel: | Count us! Ethnic Activism in South-Eastern Estonia, and the Census of 2011 |
|---|---|
| Verfasser: | |
| In: |
Journal of Baltic studies, Band 46, Heft 2 (2015), Seite 243-260 alle Artikel anzeigen |
| Veröffentlicht: | 2015 |
| Format: | Aufsatz |
| Sprache: | Englisch |
X
alg: 39279669 001A $01999:11-11-16 001B $03025:03-03-26 $t13:17:03.000 001C $06050:19-11-16 $t08:43:26.000 001D $01999:11-11-16 001U $0utf8 001X $00 002@ $0Aox 003@ $0392796694 007A $0392796694 $aHEB 007T $0Herdc0106359m 010@ $aeng 011@ $a2015 021A $aCount us! Ethnic Activism in South-Eastern Estonia, and the Census of 2011 028A $aJääts $dIndrek 031A $d46 $e2 $h243-260 $j2015 039B $aIn $8--Abvc--. Journal of Baltic studies. - Abingdon : Routledge, 1972-. - ISSN 0162-9778 $x201500000460002757 $9047244860 044K $#Setomaa $71152417363 $8Setumaa [Tg3] $942645572X 045F $a900.9479809049 $eDDC23BSB 045F/01 $a900 045F/03 $f09049 045F/03 $f090511 045F/03 $f090512 045F/03 $g4798 045T $a7,41 $a7,44 lok: 39279669 78 exp: 39279669 78 1 #EPN 201B/01 $019-04-17 $t11:34:54.000 201U/01 $0utf8 203@/01 $0788906887 208@/01 $a11-11-16 $be 209A/01 $a/ $f000 $x00 220C/01 $aTitelaufnehmer: kk 220C/01 $aHerkunft: HI Marburg 244Z/01 $2Trx $#Estija $#Igaunija $#Estland $#Estonia $#Estonia $#Estónsko $#Estonsko $8--Trx--Eesti $x01 $9391237225 244Z/01 $2Trx $#Setukesengebiet $8--Trx--Setumaa $x02 $9391180363 244Z/01 $2Trx $#Werro Landschaft $8--Trx--Võrumaa $x03 $9391347381 244Z/01 $aGeschichte 2011 $x04 244Z/01 $2Trx $#rahvaloendused $#gyventojų surašymai [698Unterschied?] $#census $#népszámlálások $#spisy ludności $#sčítanie ľudu $#sčítání obyvatelstva $8--Trx--Volkszählungen $x05 $939138421X 244Z/01 $2Trx $#murded ja dialektid $#tarmės $#Dialects $#nyelvjárások $#gwary i dialekty $#nárečia a dialekty $#nářečí a dialekty $#Dialekte $#dialekty $#gwary $#nárečia $#dialekty $#nářečí $#dialekty $8--Trx--Mundarten und Dialekte $x06 $9391362488 244Z/01 $2Trx $#identiteedid, piirkondlikud $#regionų identitetas $#regional identities $#identitások, regionális $#tożsamość regionalna $#totožnosti regionálne $#identita regionální $#świadomość regionalna $#totožnosť regionálna $#totožnost regionální $8--Trx--Identitäten, regionale $x07 $9391374877 244Z/01 $2Trx $#natsionalism $#nacionalizmas $#nationalism $#nacionalizmus $#nacjonalizm $#nacionalizmus $#nacionalismus $8--Trx--Nationalismus $x08 $9391370146 244Z/01 $2Trx $8--Trx--Zeitschriftenaufsatz $x09 $9391384341 245Z/01 $a13.02 $x01 245Z/01 $a06.04.05 $x02 247C/01 $82080>Marburg/Lahn, Herder-Institut, Forschungsbibliothek, Bibliographieportal $9336309341
| LEADER | 00000caa a22000002c 4500 | ||
|---|---|---|---|
| 001 | 392796694 | ||
| 003 | DE-603 | ||
| 005 | 20260303131703.0 | ||
| 007 | tu | ||
| 008 | 161111s2015 xx |||| | u00||u|eng c | ||
| 035 | |a (DE-599)HEB392796694 | ||
| 040 | |a DE-603 |b ger |c DE-603 |d DE-603 | ||
| 041 | |a eng | ||
| 082 | 0 | 4 | |8 1\u |a 900.9479809049 |q DE-101 |2 23/BSB |
| 084 | |a 7,41 |a 7,44 |2 ssgn | ||
| 085 | |8 1\u |b 900 | ||
| 085 | |8 1\u |z 1 |s 09049 | ||
| 085 | |8 1\u |z 1 |s 090511 | ||
| 085 | |8 1\u |z 1 |s 090512 | ||
| 085 | |8 1\u |z 2 |s 4798 | ||
| 100 | 1 | |a Jääts, Indrek | |
| 245 | 0 | 0 | |a Count us! Ethnic Activism in South-Eastern Estonia, and the Census of 2011 |
| 264 | 0 | |c 2015 | |
| 651 | 7 | |a Setumaa |0 (DE-588)1152417363 |0 (DE-603)42645572X |2 gnd | |
| 773 | 0 | 8 | |i In |t Journal of Baltic studies |d Abingdon : Routledge, 1972- |x 0162-9778 |g Band 46, Heft 2 (2015), Seite 243-260 |w (DE-603)047244860 |w (DE-600)197751-9 |
| 924 | 0 | |9 2080 |a (DE-603)788906887 |b DE-2080 |c HES |d d |g / | |


